000 00341nam a22001217a 4500
999 _c2814
_d2814
005 20200924140309.0
008 200924b ||||| |||| 00| 0 eng d
020 _a025105
040 _cCML
245 _aThe World Book Encyclopedia: G.
260 _aLondon
_bWorld Book, Inc.
_c1992
942 _2ddc
_cBK
_eVolume 8
_h030
_kR
_mWOR